000 00440nam a2200181Ia 4500
003 OSt
005 20230516111517.0
008 210210b1947 xxu||||| |||| 00| 0 eng d
040 _cAL
041 _aeng
082 _a829/1151
100 _aTROLLOPE (A)
_9104951
245 _aLast chronicles of barset I
260 _aLondon
_bOxford University Press
_c1947
690 _aEnglish Fiction
_9104952
906 _a017763
942 _2ddc
_cBK
999 _c137747
_d137747